[Event "Women's Speed Chess Q1"]
[Site "chess.com INT"]
[Date "2021.05.28"]
[Round "4"]
[White "Dworakowska, Joanna"]
[Black "Frattini, Beatriz Maria"]
[Result "1-0"]
[WhiteTitle "IM"]
[BlackTitle "WCM"]
[WhiteElo "2322"]
[BlackElo "1854"]
[WhiteFideId "1107445"]
[BlackFideId "22715002"]
[EventDate "2021.05.28"]

1. e4 c5 2. Nf3 d6 3. d4 cxd4 4. Nxd4 Nf6 5. Nc3 Nc6 6. Be3 Ng4 7. Qd2 Nxe3 8.
Qxe3 g6 9. Bb5 Bd7 10. Bxc6 bxc6 11. e5 c5 12. Nf3 Be6 13. O-O Bg7 14. Rad1 O-O
15. h3 Qc7 16. exd6 exd6 17. Ne4 Rfd8 18. Qf4 Bxb2 19. c3 Qe7 20. Rfe1 d5 21.
Nf6+ Kg7 22. Nxd5 Rxd5 23. Rxd5 Bxc3 24. Re3 Bf6 25. Rd6 Rd8 26. Rc6 Rd1+ 27.
Kh2 Bd4 28. Rexe6 fxe6 29. Rc7 Qxc7 30. Qxc7+ Kg8 31. Ng5 Be5+ 32. Qxe5 Kf8 33.
Qxe6 Kg7 34. Qf7+ Kh6 35. h4 Kh5 36. Kg3 h6 37. Qf3# 1-0

[Event "Women's Speed Chess Q1"]
[Site "chess.com INT"]
[Date "2021.05.28"]
[Round "4"]
[White "Shuvalova, Polina"]
[Black "Avramidou, Anastasia"]
[Result "1-0"]
[WhiteTitle "IM"]
[BlackTitle "FM"]
[WhiteElo "2484"]
[BlackElo "2238"]
[WhiteFideId "24171760"]
[BlackFideId "4239873"]
[EventDate "2021.05.28"]

1. e4 e6 2. d4 d5 3. Nc3 Bb4 4. e5 c5 5. a3 Bxc3+ 6. bxc3 Qa5 7. Bd2 Qa4 8. Qg4
Kf8 9. h4 h5 10. Qf4 Nc6 11. Nf3 Nh6 12. dxc5 Qxf4 13. Bxf4 Nf5 14. c4 Nfd4 15.
Nxd4 Nxd4 16. O-O-O Nc6 17. Rh3 d4 18. Bd3 f6 19. Rf3 Kf7 20. Be4 Bd7 21. c3 f5
22. Bc2 Rhd8 23. cxd4 Na5 24. Rc3 Bc6 25. f3 Rac8 26. Be3 g6 27. Rd2 b6 28. cxb6
axb6 29. Bd3 Ba4 30. Kb2 Nc6 31. Bf1 Rd7 32. f4 Rcd8 33. d5 Na5 34. d6 Rb8 35.
Ka2 b5 36. cxb5 Bxb5 37. Rb2 Bxf1 38. Rxb8 Bc4+ 39. Kb2 Bd5 40. Rc7 Bc6 41. Kc3 1-0

[Event "Women's Speed Chess Q1"]
[Site "chess.com INT"]
[Date "2021.05.28"]
[Round "4"]
[White "Komiagina, Maria"]
[Black "Antolak, Julia"]
[Result "0-1"]
[WhiteTitle "WIM"]
[BlackTitle "WIM"]
[WhiteElo "2241"]
[BlackElo "2306"]
[WhiteFideId "4153987"]
[BlackFideId "1159569"]
[EventDate "2021.05.28"]

1. e4 c5 2. Nf3 e6 3. d4 cxd4 4. Nxd4 Nf6 5. Nc3 d6 6. Be3 a6 7. g4 e5 8. Nf5 h5
9. gxh5 Bxf5 10. exf5 d5 11. Bg5 d4 12. Ne4 Be7 13. Bxf6 Bxf6 14. Qd2 Rxh5 15.
Bd3 Nc6 16. O-O-O Qd5 17. Qe2 Rh4 18. f3 O-O-O 19. Bc4 Qd7 20. Kb1 Qxf5 21. Bxf7
Kb8 22. Bc4 Rdh8 23. a3 Qf4 24. Bxa6 bxa6 25. Qxa6 Kc7 26. Nc5 Qxf3 27. Qb7+ Kd6
28. b4 Rd8 0-1

[Event "Women's Speed Chess Q1"]
[Site "chess.com INT"]
[Date "2021.05.28"]
[Round "4"]
[White "Von Herman, Brigitte"]
[Black "Pandey, Srishti"]
[Result "0-1"]
[WhiteTitle "WFM"]
[BlackTitle "WFM"]
[WhiteElo "1991"]
[BlackElo "2026"]
[WhiteFideId "4628730"]
[BlackFideId "35093290"]
[EventDate "2021.05.28"]

1. e4 e6 2. d4 d5 3. Nc3 Bb4 4. exd5 exd5 5. Bd3 Nf6 6. Qf3 c6 7. Ne2 O-O 8. O-O
Nbd7 9. h3 Re8 10. Ng3 Nf8 11. Bd2 Ng6 12. Bg5 Be7 13. Rfe1 Nd7 14. Bxe7 Rxe7
15. Nf5 Rxe1+ 16. Rxe1 Ndf8 17. Ne2 Be6 18. Nf4 Nxf4 19. Qxf4 Ng6 20. Qf3 Nh4
21. Nxh4 Qxh4 22. c3 g6 23. b3 a5 24. a4 Qg5 25. Qe3 Qxe3 26. Rxe3 Re8 27. f4
Bd7 28. Rxe8+ Bxe8 29. g4 Kg7 30. Kg2 Bd7 31. Kg3 h6 32. Kf3 Kf6 33. Kg3 Be6 34.
Kf3 Bd7 35. Kg3 b6 36. Kf3 c5 37. Ba6 Ke7 38. Bb7 Kd6 39. Ba6 f6 40. Bd3 g5 41.
f5 Bc6 42. Ke3 c4 43. bxc4 dxc4 44. Bxc4 Bxa4 45. Ba2 Bc2 46. c4 Bd1 47. Bb1 Ba4
48. Ba2 Bc6 49. Kf2 Be4 50. Bb3 Bd3 51. Ba2 a4 52. Kg3 Bf1 53. Kh2 Kc6 54. Kg3
Kd6 55. Kh2 Bd3 56. Kg3 Bc2 57. Kf3 Bb3 58. Bb1 a3 59. Ke3 a2 0-1

[Event "Women's Speed Chess Q1"]
[Site "chess.com INT"]
[Date "2021.05.28"]
[Round "4"]
[White "Azhar, Puteri Munajjah Az-Zahraa"]
[Black "Chitlange, Sakshi"]
[Result "0-1"]
[WhiteTitle "WIM"]
[BlackTitle "WIM"]
[WhiteElo "2046"]
[BlackElo "2167"]
[WhiteFideId "5709040"]
[BlackFideId "35002899"]
[EventDate "2021.05.28"]

1. d4 Nf6 2. c4 e6 3. Nc3 Bb4 4. Qc2 O-O 5. Nf3 d5 6. e3 b6 7. cxd5 exd5 8. Bd3
Bb7 9. O-O Nbd7 10. Bd2 Re8 11. Rfe1 Bf8 12. h3 c5 13. Ng5 h6 14. Nh7 c4 15.
Nxf6+ Nxf6 16. Bf5 a6 17. a4 h5 18. Qd1 g6 19. Bc2 Qd7 20. Qf3 Bg7 21. Qg3 b5
22. axb5 axb5 23. Na2 Bf8 24. f4 Ne4 25. Bxe4 Rxe4 26. Nc3 Ree8 27. Qf2 b4 28.
Ne2 Be7 29. Qf3 Qf5 30. Rxa8 Rxa8 31. Ng3 Qc2 32. Bc1 Ra1 33. Qd1 Qxd1 34. Rxd1
c3 35. bxc3 bxc3 36. Ne2 c2 0-1

[Event "Women's Speed Chess Q1"]
[Site "chess.com INT"]
[Date "2021.05.28"]
[Round "4"]
[White "Cori T., Deysi"]
[Black "Sukandar, Irine Kharisma"]
[Result "0-1"]
[WhiteTitle "WGM"]
[BlackTitle "IM"]
[WhiteElo "2388"]
[BlackElo "2413"]
[WhiteFideId "3801934"]
[BlackFideId "7101937"]
[EventDate "2021.05.28"]

1. d4 c5 2. e3 Nf6 3. Nf3 b6 4. Bd3 Bb7 5. O-O g6 6. Nc3 Bg7 7. dxc5 bxc5 8. e4
d6 9. e5 dxe5 10. Bb5+ Nfd7 11. Qd3 O-O 12. Rd1 Qb6 13. Bg5 e4 14. Nxe4 Bxe4 15.
Qxe4 Qxb5 16. Bxe7 Re8 17. Qxa8 Rxe7 18. Qxa7 Re8 19. Rab1 Nf6 20. Ng5 Nbd7 21.
a4 Qc6 22. Qa5 h6 23. Nf3 Ra8 24. Qe1 Rxa4 25. Qe7 Re4 26. Rd6 Qc8 27. Rxd7 Rxe7
28. Rxe7 Nd5 29. Re2 Nf4 30. Re4 Qg4 31. Ne1 Nh3+ 32. Kf1 Qxe4 33. gxh3 Bd4 34.
Rd1 Qh1+ 35. Ke2 Qxh2 36. Nd3 c4 0-1

[Event "Women's Speed Chess Q1"]
[Site "chess.com INT"]
[Date "2021.05.28"]
[Round "4"]
[White "Petrova, Irina"]
[Black "Grigoryan, Meri"]
[Result "1-0"]
[WhiteTitle "WIM"]
[BlackTitle "WFM"]
[WhiteElo "2110"]
[BlackElo "2044"]
[WhiteFideId "14124122"]
[BlackFideId "13300571"]
[EventDate "2021.05.28"]

1. e4 e5 2. Nf3 Nc6 3. Bb5 Nf6 4. O-O Be7 5. d3 d6 6. Nbd2 Bg4 7. h3 Bh5 8. Re1
a6 9. Ba4 b5 10. Bb3 Nd4 11. c3 Nxb3 12. axb3 O-O 13. Nf1 c5 14. Ng3 Bg6 15. Be3
Nd7 16. Nh2 f5 17. exf5 Bxf5 18. Nxf5 Rxf5 19. Qg4 Qf8 20. Nf3 Nb6 21. b4 Nd5
22. bxc5 Nxe3 23. Rxe3 dxc5 24. Qe4 Bd6 25. Qd5+ Kh8 26. Nxe5 Bxe5 27. Rxe5 Rxf2
28. Qxa8 Qxa8 29. Kxf2 c4 30. d4 h6 31. Kg1 Qc6 32. Rae1 a5 33. Rc5 Qb6 34. Ree5
b4 35. Rxa5 bxc3 36. bxc3 Qb1+ 37. Kh2 Qd3 38. Ra3 Qf1 39. Re4 Qf5 40. Ra8+ Kh7
41. Rae8 Qf1 42. R8e7 Qc1 43. Rg4 Qxc3 44. Rexg7+ Kh8 45. Rg8+ Kh7 46. R4g7# 1-0

[Event "Women's Speed Chess Q1"]
[Site "chess.com INT"]
[Date "2021.05.28"]
[Round "4"]
[White "Nikolova, Adriana"]
[Black "Antova, Gabriela"]
[Result "0-1"]
[WhiteTitle "WGM"]
[BlackTitle "FM"]
[WhiteElo "2243"]
[BlackElo "2250"]
[WhiteFideId "2908689"]
[BlackFideId "2915235"]
[EventDate "2021.05.28"]

1. e4 c5 2. Nf3 Nc6 3. Bb5 e6 4. Bxc6 bxc6 5. O-O Ne7 6. d3 Ng6 7. Nc3 e5 8. Na4
Be7 9. Be3 d6 10. a3 O-O 11. b4 cxb4 12. axb4 f5 13. exf5 Bxf5 14. Nd2 Nh4 15.
f4 Bf6 16. Ra3 exf4 17. Rxf4 Bg5 18. g3 Bxf4 19. Bxf4 Ng6 20. Be3 Ne5 21. Nf1
Bg4 22. Qc1 Qf6 23. Bf4 g5 24. Be3 Bh3 25. Nd2 Nf3+ 26. Nxf3 Qxf3 0-1

[Event "Women's Speed Chess Q1"]
[Site "chess.com INT"]
[Date "2021.05.28"]
[Round "4"]
[White "Tarasova, Viktoriya"]
[Black "Klinova, Masha"]
[Result "1/2-1/2"]
[WhiteTitle "WIM"]
[BlackTitle "IM"]
[WhiteElo "2226"]
[BlackElo "2275"]
[WhiteFideId "4175840"]
[BlackFideId "2802015"]
[EventDate "2021.05.28"]

1. d4 d6 2. c4 e5 3. d5 f5 4. Nc3 Nf6 5. g3 g6 6. Bg2 Bg7 7. e4 O-O 8. Nge2 a5
9. O-O Na6 10. f4 exf4 11. Nxf4 fxe4 12. Nxe4 Nxe4 13. Bxe4 Nc5 14. Bg2 Bf5 15.
g4 Bd7 16. Be3 Qh4 17. h3 Rae8 18. Bd4 Qg5 19. Bxg7 Kxg7 20. Qd4+ Qe5 21. Qd2
Qe3+ 22. Qxe3 Rxe3 23. Rad1 Rfe8 24. Rd2 R8e7 25. Rdf2 Be8 26. Ne6+ Nxe6 27.
dxe6 c6 28. Rd2 R3xe6 29. Rfd1 Re2 30. Kf1 Rxd2 31. Rxd2 Re6 32. Rd3 g5 33. Rb3
Re7 34. Rd3 Rd7 35. Ra3 Bg6 36. Ke2 Re7+ 37. Kd2 Rf7 38. Ke2 Rf4 39. Rxa5 Rxc4
40. b3 Rc2+ 41. Kf1 d5 42. Ra7 Kf6 43. Rxb7 Rxa2 44. Rb6 Bd3+ 45. Kg1 Bb5 46.
Bxd5 Rc2 47. Bg2 Rc3 48. b4 Ke5 49. Rb8 Kf4 50. Kh2 Rc2 51. Rf8+ Ke3 52. Kg3 Kd4
53. Rg8 h6 54. Rg6 Rc3+ 55. Kh2 Rc2 56. Kg3 Rc3+ 57. Kh2 Rc2 58. Kg3 1/2-1/2

[Event "Women's Speed Chess Q1"]
[Site "chess.com INT"]
[Date "2021.05.28"]
[Round "4"]
[White "Zhou, Qiyu"]
[Black "Osmak, Iulija"]
[Result "1-0"]
[WhiteTitle "FM"]
[BlackTitle "IM"]
[WhiteElo "2229"]
[BlackElo "2425"]
[WhiteFideId "505161"]
[BlackFideId "14101602"]
[EventDate "2021.05.28"]

1. e4 c5 2. Nf3 Nc6 3. d4 cxd4 4. Nxd4 Nf6 5. Nc3 d6 6. Bg5 Bd7 7. Qd2 Rc8 8.
Be2 Qa5 9. Nb3 Qb6 10. O-O e6 11. Kh1 a6 12. f4 Be7 13. f5 Ne5 14. fxe6 fxe6 15.
Bxf6 Bxf6 16. Rxf6 gxf6 17. Bh5+ Ke7 18. Qh6 Rcg8 19. Rf1 Ng6 20. Ne2 Bb5 21.
Nbd4 Bxe2 22. Nxe2 Qxb2 23. c3 Qb5 24. h4 Qe5 25. Rb1 Qxe4 26. Rb4 Qd5 27. Bf3
Qd1+ 28. Ng1 Qe1 29. Rxb7+ Kd8 30. h5 Qh4+ 31. Nh3 Ne5 32. Qe3 Ke8 33. Bc6+ Nxc6
34. Qxe6+ Kf8 35. Qf7# 1-0

[Event "Women's Speed Chess Q1"]
[Site "chess.com INT"]
[Date "2021.05.28"]
[Round "4"]
[White "Vaishali, R"]
[Black "Kulkarni, Bhakti"]
[Result "1-0"]
[WhiteTitle "WGM"]
[BlackTitle "IM"]
[WhiteElo "2393"]
[BlackElo "2391"]
[WhiteFideId "5091756"]
[BlackFideId "5019516"]
[EventDate "2021.05.28"]

1. e4 d5 2. exd5 Nf6 3. d4 Nxd5 4. c4 Nb6 5. Nc3 Bf5 6. c5 Nd5 7. Nf3 c6 8. Bc4
e6 9. Bg5 Be7 10. Bxe7 Qxe7 11. O-O O-O 12. Re1 Qc7 13. Ne4 Nd7 14. Ng3 Bg4 15.
h3 Bxf3 16. Qxf3 N7f6 17. Ne4 Nxe4 18. Rxe4 Nf6 19. Rf4 Qe7 20. Re1 Rad8 21. Re5
Rd7 22. b4 Rfd8 23. Qe3 Nd5 24. Bxd5 Rxd5 25. Rg4 Qf6 26. Rxd5 Rxd5 27. Qg3 Rd7
28. Qb8+ Qd8 29. Qxa7 h5 30. Re4 Rxd4 31. Rxd4 Qxd4 32. Qxb7 Qa1+ 33. Kh2 Qe5+
34. g3 Qd5 35. Qb8+ Kh7 36. Qd6 Qe4 37. b5 cxb5 38. c6 Qc2 39. Kg1 Qb1+ 40. Kg2
Qe4+ 41. Kf1 Qb1+ 42. Ke2 Qxa2+ 43. Ke3 Qb3+ 44. Qd3+ Qxd3+ 45. Kxd3 1-0

[Event "Women's Speed Chess Q1"]
[Site "chess.com INT"]
[Date "2021.05.28"]
[Round "4"]
[White "Soumya, Swaminathan"]
[Black "Mamedjarova, Turkan"]
[Result "0-1"]
[WhiteTitle "IM"]
[BlackTitle "WGM"]
[WhiteElo "2351"]
[BlackElo "2309"]
[WhiteFideId "5016193"]
[BlackFideId "13402005"]
[EventDate "2021.05.28"]

1. b3 e5 2. Bb2 Nc6 3. e3 d5 4. Bb5 Bd6 5. Nf3 Qe7 6. c4 Nf6 7. c5 Bxc5 8. Nxe5
Bd7 9. Nxd7 Qxd7 10. Qc2 Bd6 11. Bxf6 gxf6 12. d4 Bb4+ 13. Nd2 Rg8 14. g3 a6 15.
Bxc6 Qxc6 16. Qxc6+ bxc6 17. Rc1 Kd7 18. Ke2 a5 19. Nb1 Rgb8 20. a3 Bd6 21. Rc3
Rb5 22. Kd1 c5 23. dxc5 Rxc5 24. Rxc5 Bxc5 25. Kc2 Bd6 26. Rd1 c6 27. Nc3 Ke6
28. e4 dxe4 29. Nxe4 Bxa3 30. f4 Kf5 31. Nd6+ Bxd6 32. Rxd6 a4 33. bxa4 Rxa4 34.
Kb3 Re4 35. Rxc6 Re2 36. Rc5+ Kg4 37. Rc7 Rxh2 38. Rxf7 f5 39. Rg7+ Kf3 40. Kc4
h5 41. Kd5 h4 42. gxh4 Kxf4 43. Rh7 Kf3 44. h5 f4 0-1

[Event "Women's Speed Chess Q1"]
[Site "chess.com INT"]
[Date "2021.05.28"]
[Round "4"]
[White "Mkrtchian, Lilit"]
[Black "Samaganova, Alexandra"]
[Result "1-0"]
[WhiteTitle "IM"]
[BlackTitle "WFM"]
[WhiteElo "2388"]
[BlackElo "1993"]
[WhiteFideId "13300601"]
[BlackFideId "13800221"]
[EventDate "2021.05.28"]

1. e4 c5 2. Nc3 e6 3. Nge2 a6 4. g3 b5 5. Bg2 Bb7 6. d4 cxd4 7. Nxd4 Nf6 8. O-O
Qc7 9. Re1 d6 10. a4 bxa4 11. Nd5 Nxd5 12. exd5 e5 13. f4 Nd7 14. Nc6 Bxc6 15.
dxc6 Nc5 16. Be3 Ne6 17. f5 Nd8 18. Rxa4 Be7 19. Qd5 O-O 20. Rg4 Kh8 21. Rf1 Rb8
22. Be4 Rb5 23. Qd3 Bf6 24. b3 Nxc6 25. c3 Ne7 26. c4 Rbb8 27. Bg5 Bxg5 28. Rxg5
f6 29. Rh5 Nc6 30. Qf3 Nd4 31. Qg4 1-0

[Event "Women's Speed Chess Q1"]
[Site "chess.com INT"]
[Date "2021.05.28"]
[Round "4"]
[White "Makhija, Aashna"]
[Black "Franco Valencia, Angela"]
[Result "1-0"]
[WhiteTitle "WIM"]
[BlackTitle "WIM"]
[WhiteElo "1969"]
[BlackElo "2089"]
[WhiteFideId "25011944"]
[BlackFideId "4403070"]
[EventDate "2021.05.28"]

1. e4 e5 2. Nf3 Nc6 3. Bb5 a6 4. Ba4 d6 5. c3 Bd7 6. d4 g6 7. Bg5 f6 8. Be3 Bg7
9. Bb3 Qe7 10. O-O Nh6 11. a4 Nf7 12. Nbd2 O-O 13. Re1 Kh8 14. h3 Bh6 15. Nh2
Bxe3 16. fxe3 b5 17. axb5 axb5 18. Qe2 Na5 19. Bc2 Kg7 20. Rf1 Ng5 21. h4 Nf7
22. h5 Ng5 23. b4 Nb7 24. Ndf3 exd4 25. exd4 Nxf3+ 26. Qxf3 d5 27. exd5 Nd6 28.
Rxa8 Rxa8 29. Ng4 Bxg4 30. Qxg4 g5 31. h6+ Kg8 32. Qe6+ Qxe6 33. dxe6 f5 34.
Bxf5 Ra3 35. e7 Kf7 36. Bxh7+ Kxe7 37. Bg8 1-0

[Event "Women's Speed Chess Q1"]
[Site "chess.com INT"]
[Date "2021.05.28"]
[Round "4"]
[White "Michelle Catherina, P"]
[Black "Zakirova, Aisha"]
[Result "0-1"]
[WhiteTitle "WIM"]
[BlackTitle "WCM"]
[WhiteElo "2176"]
[BlackElo "1585"]
[WhiteFideId "5005736"]
[BlackFideId "13719734"]
[EventDate "2021.05.28"]

1. e4 c5 2. Nf3 d6 3. d4 cxd4 4. Nxd4 Nf6 5. Nc3 Nc6 6. Bg5 e6 7. Qd3 a6 8. Nxc6
bxc6 9. O-O-O Be7 10. Be2 Qa5 11. f4 O-O 12. Qg3 Kh8 13. e5 dxe5 14. fxe5 Nd5
15. Bxe7 Nxe7 16. Rhf1 Ng6 17. Bf3 Rb8 18. a3 Bb7 19. Rfe1 Ba8 20. Bh5 Ne7 21.
Qf4 Nd5 22. Nxd5 cxd5 23. Rf1 Qb5 24. Qd4 g6 25. Bg4 Rfc8 26. a4 Qc6 27. Rd2 Qc4
28. Qxc4 Rxc4 29. Be2 Rxa4 0-1

[Event "Women's Speed Chess Q1"]
[Site "chess.com INT"]
[Date "2021.05.28"]
[Round "4"]
[White "Chaves, Joara"]
[Black "Mohota, Nisha"]
[Result "0-1"]
[WhiteTitle "WIM"]
[BlackTitle "IM"]
[WhiteElo "1901"]
[BlackElo "2195"]
[WhiteFideId "2100622"]
[BlackFideId "5004330"]
[EventDate "2021.05.28"]

1. e4 Nf6 2. e5 Nd5 3. d4 d6 4. Nf3 dxe5 5. dxe5 e6 6. Be2 Bb4+ 7. c3 Be7 8. O-O
O-O 9. Qc2 c5 10. Rd1 Qc7 11. Bd3 g6 12. Bh6 Rd8 13. Nbd2 Nc6 14. Re1 Ndb4 15.
cxb4 Nxb4 16. Qc4 Nxd3 17. Re2 b5 18. Qg4 Bb7 19. Ng5 Nxe5 20. Nxe6 Nxg4 21.
Nxc7 Nxh6 22. Nxa8 Bd6 23. Rae1 Rxa8 24. Re8+ Rxe8 25. Rxe8+ Kg7 26. f3 Nf5 27.
Ne4 Bxe4 28. fxe4 Nd4 29. Ra8 c4 30. Rxa7 Bc5 31. Ra8 b4 32. Kf1 c3 33. bxc3
bxc3 34. Rc8 Ne6 35. Ke2 Kf6 36. Kd1 Ke5 37. Kc2 Bd4 0-1

[Event "Women's Speed Chess Q1"]
[Site "chess.com INT"]
[Date "2021.05.28"]
[Round "4"]
[White "Perez Rodriguez, Jennifer"]
[Black "Buksa, Nataliya"]
[Result "0-1"]
[WhiteTitle "WIM"]
[BlackTitle "IM"]
[WhiteElo "2251"]
[BlackElo "2414"]
[WhiteFideId "3507831"]
[BlackFideId "14123622"]
[EventDate "2021.05.28"]

1. e4 c5 2. c3 Nf6 3. e5 Nd5 4. Nf3 Nc6 5. Bc4 Nb6 6. Bb3 c4 7. Bc2 d6 8. exd6
Qxd6 9. O-O Bg4 10. h3 Bh5 11. Re1 O-O-O 12. a4 Nd5 13. Na3 Ne5 14. Be4 Nf6 15.
Nb5 Qc5 16. b4 cxb3 17. d4 Nxe4 18. Rxe4 Nxf3+ 19. gxf3 Qb6 20. Re5 h6 21. Bf4
b2 22. Rb1 Qg6+ 23. Bg3 e6 24. Nxa7+ Kd7 25. Rxb2 Bd6 26. Rxb7+ Ke8 27. Nc6 Bxe5
28. Nxe5 Qf5 29. Qb3 Kf8 30. Qb4+ Kg8 31. Qe7 Kh7 32. Nxf7 Rhe8 33. Qc7 Rc8 34.
Qd7 Bxf3 35. Rb5 Qxh3 0-1

[Event "Women's Speed Chess Q1"]
[Site "chess.com INT"]
[Date "2021.05.28"]
[Round "4"]
[White "Vantika, Agrawal"]
[Black "Pham, Le Thao Nguyen"]
[Result "1-0"]
[WhiteTitle "WIM"]
[BlackTitle "IM"]
[WhiteElo "2286"]
[BlackElo "2369"]
[WhiteFideId "25050389"]
[BlackFideId "12401226"]
[EventDate "2021.05.28"]

1. d4 d5 2. c4 c6 3. Nf3 Nf6 4. e3 Bg4 5. h3 Bh5 6. g4 Bg6 7. Ne5 e6 8. Nd2 Nfd7
9. Nxg6 hxg6 10. Bg2 Nb6 11. Qb3 Qc7 12. e4 dxc4 13. Nxc4 Nxc4 14. Qxc4 Nd7 15.
Be3 Qa5+ 16. Bd2 Qb6 17. O-O-O O-O-O 18. Kb1 Bd6 19. Be3 Qb4 20. Qxb4 Bxb4 21.
d5 Bc5 22. dxc6 bxc6 23. Rxd7 Rxd7 24. Bxc5 Rhd8 25. Bf3 Kb7 26. e5 g5 27. Rc1
f6 28. Be3 Rc8 29. b4 a6 30. a4 Rd3 31. Kb2 1-0

[Event "Women's Speed Chess Q1"]
[Site "chess.com INT"]
[Date "2021.05.28"]
[Round "4"]
[White "Sedina, Elena"]
[Black "Priyanka, K"]
[Result "1-0"]
[WhiteTitle "IM"]
[BlackTitle "WIM"]
[WhiteElo "2291"]
[BlackElo "2218"]
[WhiteFideId "812153"]
[BlackFideId "5082986"]
[EventDate "2021.05.28"]

1. e4 c5 2. Nf3 d6 3. Bb5+ Nd7 4. O-O Nf6 5. Re1 a6 6. Bf1 g6 7. c3 e5 8. d4 Bg7
9. dxe5 dxe5 10. Nbd2 O-O 11. Nc4 Qc7 12. Qd6 Qxd6 13. Nxd6 b6 14. a4 Rb8 15.
Nxc8 Rbxc8 16. Bxa6 Ra8 17. Bb5 Rfd8 18. Nd2 Nf8 19. Nc4 Nxe4 20. Bc6 f5 21.
Bxa8 Rxa8 22. f3 Nf6 23. Nxe5 Re8 24. Bd2 Nd5 25. Nc4 Ra8 26. Nd6 Rd8 27. Nb5
Nd7 28. Bg5 Rb8 29. Rad1 N7f6 30. c4 Nb4 31. Re7 Nc6 32. Bxf6 Bxf6 33. Re6 Bd4+
34. Kf1 Rc8 35. b3 Kf7 36. Nd6+ Kxe6 37. Nxc8 Na5 38. Nxb6 Nxb3 39. Ke2 Kd6 40.
Kd3 Kc6 41. Nd5 Na5 42. Rb1 Kd7 43. Rb5 Nc6 44. f4 h5 45. a5 Kc8 46. a6 Bg7 47.
Rb7 Bf8 48. Rc7+ 1-0

[Event "Women's Speed Chess Q1"]
[Site "chess.com INT"]
[Date "2021.05.28"]
[Round "4"]
[White "Pujari, Rucha"]
[Black "Ambartsumova, Karina"]
[Result "1-0"]
[WhiteTitle "WIM"]
[BlackTitle "IM"]
[WhiteElo "2244"]
[BlackElo "2382"]
[WhiteFideId "5024528"]
[BlackFideId "4166299"]
[EventDate "2021.05.28"]

1. d4 Nf6 2. c4 e6 3. Nf3 d5 4. Nc3 Bb4 5. Qa4+ Nc6 6. e3 O-O 7. Bd2 dxc4 8.
Bxc4 a6 9. O-O Bd6 10. Rad1 Qe7 11. e4 e5 12. Bg5 b5 13. Bxb5 axb5 14. Qxa8 Bd7
15. Nd5 Qe6 16. Nxf6+ gxf6 17. d5 Qe7 18. Qb7 Na5 19. Qa7 fxg5 20. Qxa5 g4 21.
Nd2 h5 22. Qc3 Qg5 23. a3 h4 24. b4 h3 25. gxh3 Kh7 26. Kh1 gxh3 27. Rg1 Qh5 28.
Qf3 Qxf3+ 29. Nxf3 f6 30. Rg3 Rf7 31. Rdg1 Bf8 32. Nh4 1-0

[Event "Women's Speed Chess Q1"]
[Site "chess.com INT"]
[Date "2021.05.28"]
[Round "4"]
[White "Tanishka, Kotia"]
[Black "Adam, Ernestina"]
[Result "0-1"]
[WhiteTitle "WFM"]
[BlackTitle "WCM"]
[WhiteElo "1849"]
[BlackElo "1354"]
[WhiteFideId "25005600"]
[BlackFideId "165883"]
[EventDate "2021.05.28"]

1. d4 Nf6 2. Bf4 g6 3. e3 Bg7 4. Nf3 O-O 5. Be2 d6 6. O-O Nbd7 7. c4 c5 8. Nc3
cxd4 9. e4 dxc3 10. e5 dxe5 11. Nxe5 Nxe5 12. Bxe5 Qxd1 13. Rfxd1 cxb2 14. Bxb2
Be6 15. Rac1 Rfd8 16. Rxd8+ Rxd8 17. Bf3 b6 18. Ba3 Rd7 19. h3 Rc7 20. c5 bxc5
21. Rxc5 Rxc5 22. Bxc5 a5 23. a3 Kf8 24. Bc6 Bd7 25. Bf3 Ke8 26. g4 e6 27. Bd4
Kf8 28. Bd1 Nd5 29. Bc5+ Ke8 30. Bc2 Bb2 31. a4 Nc3 32. Bb6 Bxa4 33. Bxa4+ Nxa4
34. Bxa5 Ke7 35. Kg2 Bc3 36. Bc7 e5 37. Bb8 Kd7 38. f4 f6 39. g5 fxg5 40. fxe5
Nc5 41. Kg3 Ke6 42. Kg4 h6 43. Bd6 Ne4 44. Bb8 Bxe5 45. Ba7 Kf6 46. Kf3 Nd2+ 47.
Kg2 Kf5 48. Kf2 Nb3 49. Kg2 Kf4 50. Kf2 Bd4+ 51. Kg2 Bxa7 52. h4 gxh4 53. Kh3 g5
54. Kh2 g4 55. Kg2 h3+ 56. Kh2 g3+ 57. Kh1 h2 58. Kg2 h5 59. Kh3 h1=Q# 0-1

[Event "Women's Speed Chess Q1"]
[Site "chess.com INT"]
[Date "2021.05.28"]
[Round "4"]
[White "Berend, Elvira"]
[Black "Harika, Dronavalli"]
[Result "1/2-1/2"]
[WhiteTitle "WGM"]
[BlackTitle "GM"]
[WhiteElo "2326"]
[BlackElo "2515"]
[WhiteFideId "4000510"]
[BlackFideId "5015197"]
[EventDate "2021.05.28"]

1. e4 Nc6 2. Nf3 d6 3. d4 Nf6 4. d5 Ne5 5. Nxe5 dxe5 6. Bd3 e6 7. c4 exd5 8.
cxd5 Bd6 9. O-O O-O 10. Nd2 Bg4 11. Qb3 Rb8 12. Nc4 Bd7 13. Nxd6 cxd6 14. Qa3
Ne8 15. Qxa7 f5 16. exf5 Bxf5 17. Bxf5 Rxf5 18. Be3 Nf6 19. Rfd1 Ng4 20. h3 Nxe3
21. Qxe3 h6 22. Rac1 Qa5 23. a3 Rbf8 24. Rc2 Rf4 25. Qb3 b5 26. Qe3 Qa4 27. Rdc1
Rd4 28. Qg3 Rd1+ 29. Kh2 Rxc1 30. Rxc1 Qa7 31. f3 Kh7 32. Rc6 Rf6 33. Qg4 Rg6
34. Qe4 Qf2 35. Rc2 Qg3+ 36. Kh1 h5 37. b3 Kh6 38. a4 bxa4 39. bxa4 Rf6 40. a5
Rf4 41. Qe3 Kh7 42. Qd3+ e4 43. Qe2 exf3 44. gxf3 Qxh3+ 45. Kg1 Qg3+ 46. Qg2
Qe1+ 47. Qf1 Qxf1+ 48. Kxf1 Rxf3+ 49. Kg2 Ra3 50. Rc6 Rxa5 51. Rxd6 g6 52. Kg3
Kh6 53. Rd8 Kg5 54. d6 Ra3+ 55. Kf2 Rd3 56. d7 h4 57. Ke2 Rd6 58. Kf3 Rd3+ 59.
Ke2 Rd6 60. Kf3 Rf6+ 61. Kg2 Rf7 62. Kh3 Rf3+ 63. Kg2 Rd3 64. Kf2 Rd6 65. Kf3 1/2-1/2

[Event "Women's Speed Chess Q1"]
[Site "chess.com INT"]
[Date "2021.05.28"]
[Round "4"]
[White "Sviridova, Vlada"]
[Black "Swati, Mohota"]
[Result "1-0"]
[WhiteTitle "WFM"]
[BlackTitle "WFM"]
[WhiteElo "2144"]
[BlackElo "2027"]
[WhiteFideId "24109606"]
[BlackFideId "5006511"]
[EventDate "2021.05.28"]

1. d4 e6 2. c4 d5 3. Nf3 Nf6 4. Nc3 Be7 5. Bf4 O-O 6. e3 b6 7. cxd5 Nxd5 8. Nxd5
Qxd5 9. Bd3 Bb4+ 10. Ke2 Bd6 11. e4 Qb7 12. e5 Be7 13. Qc2 h6 14. Rhc1 c6 15. g4
Bd7 16. g5 h5 17. Ke3 c5 18. g6 cxd4+ 19. Nxd4 Bc5 20. Be4 Bc6 21. b4 Bxe4 22.
Qxe4 Qxe4+ 23. Kxe4 Bxd4 24. Kxd4 fxg6 25. Ke4 Nd7 26. Rc7 Rad8 27. Bg5 Rc8 28.
Rxd7 Rxf2 29. Rad1 Rcc2 30. Rxa7 Rce2+ 31. Be3 Rxh2 32. Rd8+ Kh7 33. Rdd7 Rh3
34. Rxg7+ Kh8 35. Rh7+ Kg8 36. Rhb7 Rhxe3+ 37. Kf4 Re4+ 38. Kg5 Rxe5+ 39. Kh6
Rf5 40. Rg7+ Kf8 41. Rh7 Kg8 42. Rhg7+ Kf8 43. Ra8# 1-0